| 000 | 02042nam0a2200433 4500 | ||
|---|---|---|---|
| 001 | RU\NLR\bibl\1842055 | ||
| 005 | 20250616172435.0 | ||
| 010 |
_a978-5-89609-182-0 _9400 |
||
| 021 |
_aRU _b2011-89418 _96394 |
||
| 035 | _a(nilc)RSL-KNO-005079484 | ||
| 035 | _a(NLR Aleph) 001832509 | ||
| 090 |
_a2158790 _c2158790 |
||
| 100 | _a20111121d2011 |||y0rusy50 ca | ||
| 101 | 0 | _arus | |
| 102 | _aRU | ||
| 105 | _aa ||||||||| | ||
| 200 | 1 |
_aИнформационно-консультационное обеспечение больных с урогенитальными инфекциями _eметодическое пособие _fА.И. Овод, М.Д. Муковнина, Л.В. Силина _gКур. гос. мед. ун-т |
|
| 210 |
_aВоронеж _cКварта _d2011 |
||
| 215 |
_a107 с. _cил. _d21 |
||
| 300 | _aНа обороте тит.л. авт.: Овод А.И. - д.фарм.н., проф., Муковнина М.Д., Силина Л.В. - д.м.н., проф. | ||
| 320 | _aБиблиогр.: с. 64-70 (78 назв.) | ||
| 606 | 1 |
_aМочеполовые органы _jМетодические пособия _xИнфекции _91113511 _3RU\NLR\auth\66120466 |
|
| 606 | 1 |
_aМочеполовые органы _jМетодические пособия _xИнфекции _xПрофилактика _xСанитарно-просветительная работа _92107155 _3RU\NLR\auth\661577384 |
|
| 686 |
_aР11(2)599.590.16я81 _2rubbk |
||
| 686 | _aР59я8 | ||
| 686 | _aР715.016я8 | ||
| 686 | _aР696.016я8 | ||
| 686 | _aР11(2)599.59я8 | ||
| 700 | 1 |
_aОвод _bА. И. _gАлла Ивановна _4070 |
|
| 701 | 1 |
_aМуковнина _bМ. Д. _4070 |
|
| 701 | 1 |
_4070 _aСилина _bЛ. В. _cд-р мед. наук _gЛариса Вячеславовна _9154068 _3RU\NLR\AUTH\770154106 |
|
| 801 | 0 |
_aRU _bRuMoRKP _c20111121 _grcr |
|
| 801 | 1 |
_aRU _bРГБ _c20111121 |
|
| 801 | 2 |
_aRU _bNLR _c20111201 _grcr |
|
| 942 | _cBOOK | ||
| 980 | _aNB | ||
| 980 | _aNBR | ||